000 01108nas a2200301 4500
001 BR2015004052
003 BR-BrBNA
005 20231205125524.0
007 ta
008 230509b bl.|||p| |||| 00| 00por d
040 _aBR-BrBNA
_bpor
_cBiblioteca Nacional de Agricultura
041 _a(Pt)
072 _aF01
100 1 _aAssis, A.M.
100 1 _aFaria, R.T.
100 1 _aUnemoto, L.K.
100 1 _aLone, A.B.
100 1 _aRovaris, S.R.S.
111 1 _a16° Congresso Brasileiro de Floricultura e Plantas Ornamentais; 3° Congresso Brasileiro de Cultura de Tecidos de Plantas; 1° Simpósio de Plantas Ornamentais Nativas
_cGoiânia, GO (Brazil)
_d10-15 Sep 2007
245 1 _aCultivo de Dendrobium nobile Lindl. (Orchidaceae)em substratos alternativos ao xaxim
650 _aORQUÍDEA
650 _aFLORICULTURA
650 _aSUBSTRATO DE CULTURA
650 _aCOCO
773 0 _tRevista Brasileira de Horticultura Ornamental (Brazil)
_xISSN 1809-6093
_g(Sep 2007), v. 13(Suplemento) p. 1790-1793
_wBR2015004052
909 _a202311
_bLúcia
_c55
_dLúcia Elande
942 _2AGRIS
_n0
_cANA
999 _c244770
_d244770